000 00658nam a2200229Ia 4500
003 OSt
005 20220926041014.0
006 a|||||r|||| 00| 0
007 ta
008 220923b |||||||| |||| 00| 0 eng d
037 _cGeneral Book
040 _aRTL
_cRTL
_beng
041 _2eng
_aeng
082 _aX5:(T).2.N6, K0
100 _aAgarwala A N
_9122401
245 0 _aNew conception of business education
_b Motilal neh
260 _c1960
490 _aMotila nehru Institute Parer, 1. Notilal Nehru Instute Bulletin, 5
650 _aCommerce
942 _hX5:(T).2.N6, K0
_cGB
_2CC
999 _c666194
_d666194